MARC details
| 000 -LEADER |
| fixed length control field |
02930cgm a2200625Ia 4500 |
| 005 - DATE AND TIME OF LATEST TRANSACTION |
| control field |
20260322212022.0 |
| 007 - PHYSICAL DESCRIPTION FIXED FIELD--GENERAL INFORMATION |
| fixed length control field |
data |
| 008 - FIXED-LENGTH DATA ELEMENTS--GENERAL INFORMATION |
| fixed length control field |
data |
| 020 ## - INTERNATIONAL STANDARD BOOK NUMBER |
| International Standard Book Number |
0767085973 |
| 020 ## - INTERNATIONAL STANDARD BOOK NUMBER |
| International Standard Book Number |
9780767085977 |
| 024 1# - OTHER STANDARD IDENTIFIER |
| Standard number or code |
767685969335 |
| 028 42 - PUBLISHER OR DISTRIBUTOR NUMBER |
| Publisher or distributor number |
NVG-9693 |
| Source |
New Video Group |
| 037 ## - SOURCE OF ACQUISITION |
| Source of stock number/acquisition |
Midwest Tapes |
| Note |
http://www.midwesttapes.com |
| 040 ## - CATALOGING SOURCE |
| Original cataloging agency |
TEFMT |
| Language of cataloging |
eng |
| Transcribing agency |
TEFMT |
| Modifying agency |
NRS |
| -- |
WCM |
| -- |
MTG |
| -- |
QBX |
| -- |
RCS |
| -- |
BTCTA |
| -- |
PX0 |
| -- |
DAC |
| -- |
YDXCP |
| -- |
SMP |
| -- |
OCLCQ |
| -- |
UNL |
| -- |
ZCU |
| -- |
OCLCO |
| -- |
WAU |
| -- |
OCLCA |
| -- |
OCLCF |
| -- |
HLNDP |
| -- |
P4I |
| -- |
OCLCO |
| -- |
NRS |
| 043 ## - GEOGRAPHIC AREA CODE |
| Geographic area code |
n-us-ca |
| 046 ## - SPECIAL CODED DATES |
| Beginning or single date created |
2004 |
| 050 14 - LIBRARY OF CONGRESS CALL NUMBER |
| Classification number |
SF473.P3 |
| Item number |
W55 2005 |
| 082 04 - DEWEY DECIMAL CLASSIFICATION NUMBER |
| Classification number |
636.6/865 |
| Edition information |
22 |
| 092 ## - LOCALLY ASSIGNED DEWEY CALL NUMBER (OCLC) |
| Classification number |
636.6 W55 2005 |
| 001 - CONTROL NUMBER |
| control field |
data |
| 245 04 - TITLE STATEMENT |
| Title |
The wild parrots of Telegraph Hill |
| Medium |
[videorecording] / |
| Statement of responsibility, etc. |
Shadow Distribution ; a Pelican Media production ; produced, directed, filmed, and edited by Judy Irving. |
| 257 ## - COUNTRY OF PRODUCING ENTITY |
| Country of producing entity |
United States |
| Source |
naf |
| 260 ## - PUBLICATION, DISTRIBUTION, ETC. |
| Place of publication, distribution, etc. |
[New York] : |
| Name of publisher, distributor, etc. |
Distributed by New Video Group, |
| Place of publication, distribution, etc. |
[New York] : |
| Name of publisher, distributor, etc. |
Distributed by New Video Group, |
| Date of publication, distribution, etc. |
[2005] |
| 300 ## - PHYSICAL DESCRIPTION |
| Extent |
1 videodisc (ca. 83 min.) : |
| Other physical details |
sd., col. ; |
| Dimensions |
4 3/4 in. |
| 500 ## - GENERAL NOTE |
| General note |
Originally released as a motion picture in 2004. |
| 500 ## - GENERAL NOTE |
| General note |
Special features include: Homage to Connor; Mingus at the Oasis; Parrots music video; Mark Bittner's home movies; flock updates; deleted scenes; theatrical trailer; California quail bonus short. |
| 506 ## - RESTRICTIONS ON ACCESS NOTE |
| Terms governing access |
Restricted to home use or face to face teaching. |
| 508 ## - CREATION/PRODUCTION CREDITS NOTE |
| Creation/production credits note |
Original music, Chris Michie ; filmed and edited by Judy Irving. |
| 511 0# - PARTICIPANT OR PERFORMER NOTE |
| Participant or performer note |
Featuring Mark Bittner. |
| 520 ## - SUMMARY, ETC. |
| Summary, etc. |
Follow the ups and downs of a flock of wild urban parrots within the green niches of San Francisco. Along the way meet unforgettable characters like Picasso and Sophie, the inseparable parrot lovers, and Connor, the lovable outcast of the flock. |
| 521 8# - TARGET AUDIENCE NOTE |
| Target audience note |
MPAA rating: Not rated. |
| 538 ## - SYSTEM DETAILS NOTE |
| System details note |
DVD, region 1; Dolby Digital 5.1 surround; NTSC. |
| 546 ## - LANGUAGE NOTE |
| Language note |
Closed captioned in English. |
| 650 #0 - SUBJECT ADDED ENTRY--TOPICAL TERM |
| Topical term or geographic name entry element |
Parrots |
| Geographic subdivision |
San Francisco. |
| -- |
San Francisco. |
| 650 #0 - SUBJECT ADDED ENTRY--TOPICAL TERM |
| Topical term or geographic name entry element |
Urban animals |
| Geographic subdivision |
San Francisco. |
| -- |
San Francisco. |
| 650 #0 - SUBJECT ADDED ENTRY--TOPICAL TERM |
| Topical term or geographic name entry element |
Animal populations |
| Geographic subdivision |
San Francisco. |
| -- |
San Francisco. |
| 650 #0 - SUBJECT ADDED ENTRY--TOPICAL TERM |
| Topical term or geographic name entry element |
Human-animal relationships |
| Geographic subdivision |
San Francisco. |
| -- |
San Francisco. |
| 650 #7 - SUBJECT ADDED ENTRY--TOPICAL TERM |
| Topical term or geographic name entry element |
Animal populations. |
| Source of heading or term |
fast |
| Authority record control number or standard number |
(OCoLC)fst00809325 |
| 650 #7 - SUBJECT ADDED ENTRY--TOPICAL TERM |
| Topical term or geographic name entry element |
Human-animal relationships. |
| Source of heading or term |
fast |
| Authority record control number or standard number |
(OCoLC)fst00963482 |
| 650 #7 - SUBJECT ADDED ENTRY--TOPICAL TERM |
| Topical term or geographic name entry element |
Parrots. |
| Source of heading or term |
fast |
| Authority record control number or standard number |
(OCoLC)fst01053920 |
| 650 #7 - SUBJECT ADDED ENTRY--TOPICAL TERM |
| Topical term or geographic name entry element |
Urban animals. |
| Source of heading or term |
fast |
| Authority record control number or standard number |
(OCoLC)fst01162360 |
| 651 #7 - SUBJECT ADDED ENTRY--GEOGRAPHIC NAME |
| Geographic name |
California |
| Geographic subdivision |
San Francisco. |
| Source of heading or term |
fast |
| Authority record control number or standard number |
(OCoLC)fst01204481 |
| 651 #0 - SUBJECT ADDED ENTRY--GEOGRAPHIC NAME |
| Geographic name |
San Francisco (Calif.) |
| 655 #7 - INDEX TERM--GENRE/FORM |
| Genre/form data or focus term |
Feature films |
| Geographic subdivision |
United States. |
| Source of term |
local |
| 655 #7 - INDEX TERM--GENRE/FORM |
| Genre/form data or focus term |
Documentary films. |
| Source of term |
lcgft |
| 655 #7 - INDEX TERM--GENRE/FORM |
| Genre/form data or focus term |
Documentary |
| Form subdivision |
Feature. |
| Source of term |
migfg |
| 655 #7 - INDEX TERM--GENRE/FORM |
| Genre/form data or focus term |
Documentary films. |
| Source of term |
fast |
| Authority record control number or standard number |
(OCoLC)fst01710390 |
| 655 #0 - INDEX TERM--GENRE/FORM |
| Genre/form data or focus term |
Documentary films. |
| 700 1# - ADDED ENTRY--PERSONAL NAME |
| Personal name |
Irving, Judy. |
| 700 1# - ADDED ENTRY--PERSONAL NAME |
| Personal name |
Bittner, Mark. |
| 710 2# - ADDED ENTRY--CORPORATE NAME |
| Corporate name or jurisdiction name as entry element |
Pelican Media. |
| 710 2# - ADDED ENTRY--CORPORATE NAME |
| Corporate name or jurisdiction name as entry element |
Shadow Distribution (Firm) |
| 710 2# - ADDED ENTRY--CORPORATE NAME |
| Corporate name or jurisdiction name as entry element |
Docurama (Firm) |
| 710 2# - ADDED ENTRY--CORPORATE NAME |
| Corporate name or jurisdiction name as entry element |
New Video Group. |